[Event "Warsaw Maciei Memorial"]
[Site "Warsaw"]
[Date "2023.07.10"]
[Round "10"]
[White "Backiel, Hubert"]
[Black "Spicak, Krzysztof"]
[Result "1-0"]
[WhiteElo "2109"]
[BlackElo "1826"]
[PlyCount "78"]
[EventDate "2023.07.10"]
[EventType "swiss (blitz)"]
[EventRounds "11"]
[EventCountry "POL"]
[SourceTitle "CBM 215 Extra"]
[Source "ChessBase"]
[SourceDate "2023.09.30"]
[SourceVersion "1"]
[SourceVersionDate "2023.09.30"]
[SourceQuality "1"]

1. e4 e5 2. Nf3 Nc6 3. Bb5 g6 4. 0-0 Bg7 5. c3 a6 6. Ba4 b5 7. Bb3 Na5 8. Bc2 c5 9. d4 d6 10. dxc5 dxc5 11. Qxd8+ Kxd8 12. Bg5+ Kc7 13. a4 b4 14. Nbd2 Be6 15. cxb4 cxb4 16. Rac1 Kb7 17. Bd3 f6 18. Be3 Bf8 19. Rc2 Bd6 20. Rfc1 Ne7 21. Bc5 Bxc5 22. Rxc5 Nac6 23. Nc4 Rhd8 24. Bf1 Rac8 25. h3 Bxc4 26. R1xc4 Kb6 27. a5+ Nxa5 28. Rxc8 Rxc8 29. Rxb4+ Ka7 30. Nd2 Rc2 31. Ra4 Rxd2 32. Rxa5 Rxb2 33. Rxa6+ Kb7 34. Rxf6 Kc7 35. Rf7 Kd6 36. Rxh7 Rb1 37. Rg7 Re1 38. f3 Ke6 39. Kf2 Rc1 1-0

[Event "Warsaw Maciei Memorial"]
[Site "Warsaw"]
[Date "2023.07.10"]
[Round "3"]
[White "Spicak, Krzysztof"]
[Black "Korbal, Arkadiusz"]
[Result "0-1"]
[WhiteElo "1826"]
[BlackElo "2080"]
[PlyCount "89"]
[EventDate "2023.07.10"]
[EventType "swiss (blitz)"]
[EventRounds "11"]
[EventCountry "POL"]
[SourceTitle "CBM 215 Extra"]
[Source "ChessBase"]
[SourceDate "2023.09.30"]
[SourceVersion "1"]
[SourceVersionDate "2023.09.30"]
[SourceQuality "1"]

1. e4 c5 2. f4 Nc6 3. Nf3 e6 4. d4 cxd4 5. Nxd4 Nf6 6. Nxc6 bxc6 7. Bd3 d5 8. e5 Nd7 9. 0-0 Be7 10. c4 g6 11. Nc3 Bb7 12. cxd5 cxd5 13. Be2 0-0 14. Kh1 f6 15. exf6 Nxf6 16. Bf3 Rc8 17. Qe2 Rc6 18. Re1 Ba6 19. Qd1 Bb4 20. Bd2 Rd6 21. a3 Bc5 22. Na4 Bf2 23. Bb4 Bxe1 24. Bxd6 Qxd6 25. Qxe1 Bd3 26. Nc3 d4 27. Ne2 Bf5 28. Qd2 Rd8 29. Ng3 d3 30. Re1 Qd4 31. Nxf5 exf5 32. g3 Ne4 33. Bxe4 fxe4 34. Re3 Qxe3 35. Qxe3 d2 36. Qxe4 d1Q+ 37. Kg2 Qd5 38. Kf3 Qxe4+ 39. Kxe4 Rd2 40. b4 Ra2 41. Kd5 Rxa3 42. b5 Rc3 43. g4 Kf7 44. h4 h5 45. g5 0-1

[Event "Warsaw Maciei Memorial"]
[Site "Warsaw"]
[Date "2023.07.10"]
[Round "9"]
[White "Spicak, Krzysztof"]
[Black "Lasota, Adam"]
[Result "1-0"]
[WhiteElo "1826"]
[BlackElo "1927"]
[PlyCount "79"]
[EventDate "2023.07.10"]
[EventType "swiss (blitz)"]
[EventRounds "11"]
[EventCountry "POL"]
[SourceTitle "CBM 215 Extra"]
[Source "ChessBase"]
[SourceDate "2023.09.30"]
[SourceVersion "1"]
[SourceVersionDate "2023.09.30"]
[SourceQuality "1"]

1. e4 b6 2. d4 Bb7 3. Bd3 e6 4. Nf3 c5 5. c3 Nf6 6. Bg5 h6 7. Bxf6 Qxf6 8. 0-0 Qf4 9. Qe2 Be7 10. Ne5 0-0 11. g3 Qf6 12. f4 cxd4 13. Ng4 Qg6 14. e5 Qh5 15. Nf6+ gxf6 16. Qxh5 f5 17. Qxh6 dxc3 18. Nxc3 Nc6 19. g4 Nd4 20. gxf5 Nxf5 21. Bxf5 exf5 22. Rfd1 Bc5+ 23. Kf1 Rae8 24. Qg5+ Kh8 25. Qh6+ Kg8 26. Ke2 Re6 27. Rg1+ Bxg1 28. Rxg1+ Rg6 29. Rxg6+ fxg6 30. Qxg6+ Kh8 31. Qd6 Rg8 32. Qxd7 Ba6+ 33. Kf3 Rg7 34. Qe8+ Kh7 35. Qh5+ Kg8 36. Qxf5 Bb7+ 37. Ke3 Rf7 38. Qg6+ Rg7 39. Qe8+ Kh7 40. f5 1-0

[Event "Warsaw Chess op-A"]
[Site "Warsaw"]
[Date "2022.07.25"]
[Round "9"]
[White "Murchadha, Oissine"]
[Black "Spicak, Krzysztof"]
[Result "0-1"]
[WhiteElo "1984"]
[BlackElo "1858"]
[PlyCount "194"]
[EventDate "2022.07.18"]
[EventType "swiss"]
[EventRounds "9"]
[EventCountry "POL"]
[SourceTitle "CBM 209 Extra"]
[Source "ChessBase"]
[SourceDate "2022.09.30"]
[SourceVersion "1"]
[SourceVersionDate "2022.09.30"]
[SourceQuality "1"]

1. b3 e5 2. Bb2 f6 3. d4 exd4 4. Qxd4 Nc6 5. Qd2 d5 6. e3 Bc5 7. Nf3 Nge7 8. Be2 0-0 9. 0-0 Be6 10. c4 dxc4 11. bxc4 Qxd2 12. Nbxd2 Ng6 13. Nb3 Be7 14. Nbd4 Nxd4 15. Nxd4 Bf7 16. Nf5 Rfd8 17. Rfd1 Bf8 18. Rac1 c6 19. f4 Rxd1+ 20. Rxd1 Re8 21. Kf2 Be6 22. Nd4 Bc8 23. Nb3 Ne7 24. g4 Kf7 25. h4 g6 26. Bd4 b6 27. Bc3 c5 28. Na1 Nc6 29. a3 Be6 30. Bf3 Na5 31. Bxa5 bxa5 32. Nb3 Bxc4 33. Nxa5 Be6 34. Bd5 Rc8 35. Nc4 Rc7 36. Ke2 Ke7 37. Bxe6 Kxe6 38. Rb1 Bd6 39. Kd3 Be7 40. Rb8 Rd7+ 41. Kc2 Kd5 42. Kd3 Ke6+ 43. Kc3 Bd8 44. Rb1 h5 45. gxh5 gxh5 46. e4 f5 47. Re1 Bf6+ 48. e5 Be7 49. Rg1 Rd4 50. Rg6+ Kf7 51. Rh6 Rxf4 52. Rxh5 Rxh4 53. Rxf5+ Ke6 54. Rf3 Re4 55. Rh3 Kd5 56. Rd3+ Kc6 57. Kb3 a6 58. Rh3 Kd5 59. Rd3+ Rd4 60. Rg3 Rxc4 61. Rg7 Re4 62. Rxe7 Re3+ 63. Kb2 Rxe5 64. Rh7 Kc4 65. Rh4+ Kb5 66. Rh3 Re4 67. Kb3 a5 68. Rg3 Rc4 69. Rg8 a4+ 70. Kb2 Rf4 71. Ra8 Rf2+ 72. Kb1 Kc4 73. Rh8 Rd2 74. Rh4+ Kc3 75. Rh3+ Rd3 76. Rh2 Kb3 77. Kc1 Kxa3 78. Kc2 Rb3 79. Rh5 Kb4 80. Rh8 Rg3 81. Ra8 a3 82. Kb1 Rg2 83. Rh8 c4 84. Rh7 Kb3 85. Rb7+ Kc3 86. Rc7 Rb2+ 87. Kc1 Rb4 88. Ra7 Kb3 89. Kb1 c3 90. Rc7 Rb8 91. Ka1 c2 92. Rc6 Rb4 93. Rc8 Rc4 94. Rb8+ Ka4 95. Ka2 Ka5 96. Ra8+ Kb6 97. Rb8+ Ka7 0-1

[Event "Warsaw Chess op-A"]
[Site "Warsaw"]
[Date "2022.07.21"]
[Round "4"]
[White "Siekanska, Maria"]
[Black "Spicak, Krzysztof"]
[Result "1/2-1/2"]
[WhiteElo "1964"]
[BlackElo "1858"]
[PlyCount "143"]
[EventDate "2022.07.18"]
[EventType "swiss"]
[EventRounds "9"]
[EventCountry "POL"]
[SourceTitle "CBM 209 Extra"]
[Source "ChessBase"]
[SourceDate "2022.09.30"]
[SourceVersion "1"]
[SourceVersionDate "2022.09.30"]
[SourceQuality "1"]

1. d4 e6 2. c4 f5 3. Nc3 Nf6 4. e3 Bb4 5. Qb3 Bxc3+ 6. Qxc3 0-0 7. Bd3 b6 8. Ne2 Bb7 9. 0-0 Ne4 10. Qc2 g5 11. f3 Nd6 12. Bd2 Qe7 13. e4 f4 14. Bb4 Na6 15. Ba3 c5 16. b3 Nb4 17. Qc3 a5 18. dxc5 bxc5 19. Bb2 e5 20. Rfd1 Nf7 21. Qd2 Nc6 22. a3 Rfb8 23. Bc2 d6 24. Kh1 Bc8 25. Bc3 Be6 26. Qd3 Nd4 27. Be1 Qb7 28. Rab1 Nxe2 29. Qxe2 Qa6 30. Bd3 Rc8 31. Rdc1 Qc6 32. b4 axb4 33. axb4 cxb4 34. Bxb4 Rcb8 35. Qd2 Qc7 36. Ra1 Rxa1 37. Rxa1 Qb6 38. Rb1 Qd4 39. Qc2 Qe3 40. Re1 Qb6 41. Rb1 Qd4 42. h3 Rc8 43. Rc1 Qb6 44. Ba3 Qa5 45. Qc3 Ra8 46. Qxa5 Rxa5 47. Rc3 Kg7 48. Kh2 h5 49. c5 dxc5 50. Bxc5 g4 51. hxg4 hxg4 52. fxg4 Bxg4 53. Rc2 Be6 54. Kg1 Ra4 55. Bb6 Ng5 56. Bc7 Nf7 57. Kf2 Kf6 58. Rd2 Ke7 59. g3 fxg3+ 60. Kxg3 Bc4 61. Be2 Bxe2 62. Rxe2 Ke6 63. Kg4 Rc4 64. Bb8 Rc8 65. Rb2 Rg8+ 66. Kf3 Rg1 67. Rb6+ Ke7 68. Rb7+ Ke6 69. Rb6+ Ke7 70. Rb7+ Ke6 71. Rb6+ Ke7 72. Rb7+ 1/2-1/2

[Event "Warsaw Najdorf Memorial op-A"]
[Site "Warsaw"]
[Date "2022.07.12"]
[Round "4"]
[White "Kazmierowski, Tymon"]
[Black "Spicak, Krzysztof"]
[Result "1-0"]
[WhiteElo "1961"]
[BlackElo "1858"]
[PlyCount "61"]
[EventDate "2022.07.09"]
[EventType "swiss"]
[EventRounds "9"]
[EventCountry "POL"]
[SourceTitle "CBM 209 Extra"]
[Source "ChessBase"]
[SourceDate "2022.09.30"]
[SourceVersion "1"]
[SourceVersionDate "2022.09.30"]
[SourceQuality "1"]

1. d4 e6 2. c4 f5 3. Nf3 Nf6 4. g3 b6 5. Bg2 Bb7 6. 0-0 Be7 7. Nc3 0-0 8. b3 d6 9. d5 e5 10. Ng5 Qd7 11. Ne6 Rf7 12. e4 fxe4 13. Nxe4 Bf8 14. Bb2 Na6 15. N4g5 Re7 16. f4 e4 17. Bxf6 gxf6 18. Nxe4 Bg7 19. Qg4 Kh8 20. Qf5 Rf7 21. Bh3 Re8 22. Rae1 Bc8 23. Qh5 Qe7 24. Bf5 Bf8 25. Bg6 Kg8 26. Bxf7+ Qxf7 27. Nxf6+ Qxf6 28. Qxe8 Bxe6 29. Qxe6+ Qxe6 30. dxe6 Be7 31. f5 1-0

[Event "Baltic Cup 3rd"]
[Site "Darlowko"]
[Date "2019.06.27"]
[Round "6"]
[White "Spicak, Krzysztof"]
[Black "Belczewski, Jacek"]
[Result "0-1"]
[WhiteElo "1921"]
[BlackElo "2011"]
[PlyCount "112"]
[EventDate "2019.06.23"]
[EventType "swiss"]
[EventRounds "9"]
[EventCountry "POL"]
[SourceTitle "CBM 191 Extra"]
[Source "ChessBase"]
[SourceDate "2019.09.30"]
[SourceVersion "1"]
[SourceVersionDate "2019.09.30"]
[SourceQuality "1"]

1. d4 Nf6 2. c4 e6 3. Nf3 Bb4+ 4. Bd2 Be7 5. Nc3 d5 6. cxd5 exd5 7. Qc2 c6 8. e3 Nbd7 9. Be2 Bd6 10. Rc1 0-0 11. 0-0 Re8 12. Bd3 Qe7 13. h3 Ne4 14. Be1 f5 15. Ne2 g5 16. g3 Ndf6 17. Kg2 f4 18. exf4 gxf4 19. h4 fxg3 20. fxg3 Ng4 21. Bd2 Nxd2 22. Qxd2 Ne3+ 23. Kg1 Nxf1 24. Rxf1 Qe3+ 25. Rf2 Qxd2 26. Nxd2 Bg4 27. Nf4 Re3 28. Nf1 Bxf4 29. Rxf4 Rxd3 30. Rxg4+ Kf7 31. Kg2 Re8 32. Rf4+ Kg7 33. Rg4+ Kh8 34. Rf4 Re2+ 35. Kh3 Rd1 36. h5 Kg7 37. g4 Rd3+ 38. Kh4 Re4 39. Rf5 h6 40. Rf2 Rdxd4 41. Nh2 Rf4 42. Re2 Rde4 43. Rd2 d4 44. Kg3 c5 45. b3 Rf7 46. g5 hxg5 47. a4 Rff4 48. a5 Re3+ 49. Kg2 Rxb3 50. Rc2 b6 51. axb6 axb6 52. Ra2 d3 53. Ra7+ Kh6 54. Rd7 Rb2+ 55. Kg3 Rxh2 56. Kxh2 Rd4 0-1

[Event "Warsaw-chA 67th"]
[Site "Warsaw"]
[Date "2018.11.17"]
[Round "6"]
[White "Spicak, Krzysztof"]
[Black "Majek, Kacper"]
[Result "0-1"]
[WhiteElo "1940"]
[BlackElo "2052"]
[PlyCount "86"]
[EventDate "2018.11.12"]
[EventType "swiss"]
[EventRounds "9"]
[EventCountry "POL"]
[SourceTitle "CBM 187 Extra"]
[Source "ChessBase"]
[SourceDate "2018.11.04"]
[SourceVersion "1"]
[SourceVersionDate "2018.11.04"]
[SourceQuality "1"]

1. e4 e5 2. Nf3 Nc6 3. Bb5 a6 4. Ba4 Nf6 5. 0-0 Be7 6. Re1 b5 7. Bb3 d6 8. c3 0-0 9. h3 Na5 10. Bc2 c5 11. d4 Nd7 12. d5 Nb6 13. b3 f5 14. Bd2 Nb7 15. Qe2 Qe8 16. c4 bxc4 17. bxc4 f4 18. a4 g5 19. Nh2 Nd7 20. Bd1 Nf6 21. Nc3 h5 22. f3 Qg6 23. Qd3 Rf7 24. Rf1 Rg7 25. Kf2 g4 26. fxg4 hxg4 27. Bxg4 Nxg4+ 28. Nxg4 Bxg4 29. hxg4 Qxg4 30. Qf3 Qh4+ 31. Ke2 Rg3 32. Rh1 Qg5 33. Qh5 f3+ 34. Ke1 Qxh5 35. Rxh5 Rxg2 36. Be3 Na5 37. Bf2 Nxc4 38. Rb1 Bg5 39. Nd1 Bd2+ 40. Kf1 Bb4 41. Be1 Bxe1 42. Kxe1 Re2+ 43. Kf1 Nd2+ 0-1

[Event "Warsaw-chA 67th"]
[Site "Warsaw"]
[Date "2018.11.16"]
[Round "5"]
[White "Podgorski, Maciej"]
[Black "Spicak, Krzysztof"]
[Result "0-1"]
[WhiteElo "1835"]
[BlackElo "1940"]
[PlyCount "96"]
[EventDate "2018.11.12"]
[EventType "swiss"]
[EventRounds "9"]
[EventCountry "POL"]
[SourceTitle "CBM 187 Extra"]
[Source "ChessBase"]
[SourceDate "2018.11.04"]
[SourceVersion "1"]
[SourceVersionDate "2018.11.04"]
[SourceQuality "1"]

1. e4 e6 2. d4 c5 3. Nf3 cxd4 4. Nxd4 Nf6 5. Nc3 Bb4 6. e5 Nd5 7. Qg4 Kf8 8. Qg3 Qa5 9. Bd2 a6 10. Nb3 Qc7 11. Nxd5 Bxd2+ 12. Nxd2 exd5 13. Qa3+ Ke8 14. Bd3 Qxe5+ 15. Kf1 Qf6 16. Re1+ Kd8 17. Qa5+ b6 18. Qxd5 Nc6 19. Ne4 Qd4 20. Qxd4 Nxd4 21. Ng5 Kc7 22. Nxf7 Rf8 23. Ng5 h6 24. c3 Nc6 25. Nf3 Bb7 26. Ke2 d5 27. Kd2 Kd6 28. h4 Bc8 29. Rhf1 b5 30. Nd4 Nxd4 31. cxd4 Rf4 32. g3 Rxd4 33. Re8 Rxd3+ 34. Kc2 Rd4 35. Rfe1 Bf5+ 36. Kc1 Rc4+ 37. Kd1 Rxe8 38. Rxe8 Rc8 39. Re3 d4 40. Ra3 Rc6 41. f3 Kd5 42. Kd2 g5 43. hxg5 hxg5 44. Ra5 Rc2+ 45. Ke1 Bc8 46. b3 Kc5 47. a3 Rb2 48. b4+ Kc4 0-1

[Event "Baltic Cup 2nd"]
[Site "Darlowko"]
[Date "2018.06.24"]
[Round "1"]
[White "Malicka, Maria"]
[Black "Spicak, Krzysztof"]
[Result "0-1"]
[WhiteElo "2188"]
[BlackElo "1900"]
[PlyCount "120"]
[EventDate "2018.06.24"]
[EventType "swiss"]
[EventRounds "9"]
[EventCountry "POL"]
[SourceTitle "CBM 185 Extra"]
[Source "ChessBase"]
[SourceDate "2018.07.29"]
[SourceVersion "1"]
[SourceVersionDate "2018.07.29"]
[SourceQuality "1"]

1. e4 g5 2. d4 Bg7 3. Nc3 h6 4. h4 g4 5. Qxg4 Bxd4 6. Nf3 d6 7. Qf4 Bxc3+ 8. bxc3 e5 9. Qd2 Nf6 10. Bc4 Qe7 11. Qd3 Nbd7 12. Ba3 Nb6 13. Bb5+ Bd7 14. Bxd7+ Qxd7 15. Nd2 0-0-0 16. c4 Qg4 17. Qh3 Rhg8 18. Kf1 c5 19. Qxg4+ Rxg4 20. Re1 Rdg8 21. g3 Nh5 22. Bc1 Ng7 23. Ke2 Ne6 24. Kd3 Rf8 25. c3 Kd7 26. Nf1 h5 27. Ne3 Rg6 28. Nf5 Rb8 29. f4 f6 30. Rhf1 Ng7 31. fxe5 Nxf5 32. Rxf5 Rxg3+ 33. Be3 fxe5 34. Rxh5 Rf8 35. Rh7+ Kc6 36. h5 Rff3 37. h6 Nxc4 38. Kxc4 Rxe3 39. Rxe3 Rxe3 40. Rg7 b5+ 41. Kb3 Rxe4 42. Rxa7 Rh4 43. h7 Rh3 44. Kc2 Kd5 45. Rg7 e4 46. Kd2 Kc4 47. Ke2 d5 48. Rc7 Kxc3 49. Rxc5+ Kd4 50. Rc7 b4 51. Rd7 Rh2+ 52. Kd1 e3 53. Ke1 Ke4 54. Kf1 d4 55. Kg1 Rh6 56. Kg2 Kd3 57. Kf3 e2 58. Re7 Rxh7 59. Re8 Rf7+ 60. Kg2 Rf1 0-1

[Event "Katowice POL-HUN 5th"]
[Site "Katowice"]
[Date "2017.05.21"]
[Round "9"]
[White "Spicak, Krzysztof"]
[Black "Kubica, Kamil"]
[Result "0-1"]
[WhiteElo "1904"]
[BlackElo "2132"]
[PlyCount "134"]
[EventDate "2017.05.20"]
[EventType "swiss (rapid)"]
[EventRounds "9"]
[EventCountry "POL"]
[SourceTitle "CBM 178 Extra"]
[Source "ChessBase"]
[SourceDate "2017.06.22"]
[SourceVersion "1"]
[SourceVersionDate "2017.06.22"]
[SourceQuality "1"]

1. e4 e5 2. Nf3 Nc6 3. Bb5 a6 4. Ba4 Nf6 5. 0-0 Nxe4 6. Re1 Nc5 7. Bxc6 dxc6 8. Rxe5+ Ne6 9. d4 Bd6 10. Re4 0-0 11. c4 Qf6 12. Nc3 h6 13. Ne5 c5 14. Ng4 Qg6 15. Ne5 Qf5 16. Nf3 cxd4 17. Nxd4 Nxd4 18. Qxd4 Bc5 19. Qd2 Be6 20. Qe2 Rad8 21. Be3 Bb4 22. Rf4 Qe5 23. Re4 Qa5 24. Rc1 Bf5 25. Rd4 Rfe8 26. Rxd8 Rxd8 27. Nd5 Bd6 28. c5 Bf8 29. b4 Qa3 30. Qf3 Bg6 31. Nf4 Be4 32. Qe2 Qxb4 33. f3 Bf5 34. g4 Bd7 35. Qd3 Qb5 36. Qd2 Re8 37. Kg2 Bc6 38. h4 Be7 39. Bf2 Bf6 40. Nh5 Qb2 41. Rc2 Qe5 42. Bg3 Bxf3+ 43. Kf2 Qe4 44. Nxf6+ gxf6 45. Rc3 Bxg4 46. Re3 Qf5+ 47. Kg1 Qxc5 48. Bf2 Rxe3 49. Bxe3 Qh5 50. Qd8+ Kg7 51. Qxc7 Qxh4 52. Bf2 Qh3 53. Qf4 Bf3 54. Qg3+ Qxg3+ 55. Bxg3 b5 56. Be1 Bd5 57. a3 f5 58. Kf2 Kf6 59. Ke3 Kg5 60. Bg3 Kg4 61. Be5 h5 62. Bc7 h4 63. Kf2 h3 64. Kg1 Bg2 65. Kf2 f4 66. Bd6 Bd5 67. Kg1 Kg3 0-1

[Event "Katowice POL-HUN 4th"]
[Site "Katowice"]
[Date "2016.05.07"]
[Round "4"]
[White "Piesik, Piotr"]
[Black "Spicak, Krzysztof"]
[Result "1-0"]
[WhiteElo "2298"]
[BlackElo "1893"]
[PlyCount "72"]
[EventDate "2016.05.07"]
[EventType "swiss (rapid)"]
[EventRounds "9"]
[EventCountry "POL"]
[SourceTitle "CBM 172 Extra"]
[Source "ChessBase"]
[SourceDate "2016.06.21"]
[SourceVersion "1"]
[SourceVersionDate "2016.06.21"]
[SourceQuality "1"]

1. Nf3 Nc6 2. g3 g6 3. Bg2 Bg7 4. d4 d6 5. 0-0 Nf6 6. Nbd2 0-0 7. e4 e5 8. dxe5 dxe5 9. c3 Qe7 10. b4 a6 11. a4 b6 12. Qc2 Bb7 13. Nc4 Rfe8 14. Bg5 h6 15. Bxf6 Bxf6 16. Nfd2 g5 17. Ne3 Qe6 18. Bf3 Ne7 19. Bg4 Qc6 20. f3 Bc8 21. b5 Qc5 22. Qd3 Bxg4 23. fxg4 Rad8 24. Qe2 Bg7 25. bxa6 Qxc3 26. Ndc4 Nc6 27. Rac1 Qb4 28. Nd5 Rxd5 29. exd5 Nd4 30. Qf2 f6 31. a7 e4 32. Qxd4 f5 33. Qe3 f4 34. gxf4 Bf6 35. d6 cxd6 36. Qxe4 Ra8 1-0

[Event "Lazy op 10th"]
[Site "Lazy"]
[Date "2014.07.01"]
[Round "3"]
[White "Spicak, Krzysztof"]
[Black "Szewczak, Andrzej"]
[Result "1-0"]
[WhiteElo "1933"]
[BlackElo "1976"]
[PlyCount "129"]
[EventDate "2014.06.29"]
[EventType "swiss"]
[EventRounds "9"]
[EventCountry "POL"]
[SourceTitle "CBM 161 Extra"]
[Source "ChessBase"]
[SourceDate "2014.08.29"]
[SourceVersion "1"]
[SourceVersionDate "2014.08.29"]
[SourceQuality "1"]

1. d4 f5 2. e4 fxe4 3. Nc3 Nf6 4. Bg5 g6 5. Bxf6 exf6 6. Nxe4 d5 7. Ng3 Bg7 8. Qe2+ Kf7 9. 0-0-0 Re8 10. Qd2 Nc6 11. h4 Bg4 12. f3 Bd7 13. h5 Qe7 14. hxg6+ hxg6 15. Bd3 Qe3 16. c3 Qxd2+ 17. Kxd2 Rh8 18. N1e2 Bh6+ 19. Kc2 Ne7 20. Rh2 Bg7 21. Rdh1 Rxh2 22. Rxh2 Rh8 23. Rxh8 Bxh8 24. Nf1 Bg7 25. Ne3 Bh6 26. f4 c6 27. g4 Nc8 28. c4 dxc4 29. Bxc4+ Ke7 30. Bd3 Kf7 31. Bc4+ Ke8 32. Kd3 Nd6 33. Bb3 b5 34. a3 Ke7 35. Ba2 a5 36. b4 axb4 37. axb4 Be6 38. Bxe6 Kxe6 39. d5+ cxd5 40. Kd4 f5 41. g5 Bg7+ 42. Kc5 Ne4+ 43. Kxb5 d4 44. Nd1 Kd5 45. Ka4 d3 46. Ne3+ Kc6 47. Nc1 Nc3+ 48. Ka5 d2 49. Nb3 d1Q 50. b5+ Kb7 51. Nc5+ Kb8 52. Nxd1 Nxd1 53. Ka6 Bd4 54. Nd7+ Kc7 55. Nf8 Be3 56. Nxg6 Nc3 57. Ne7 Bxf4 58. g6 Bh6 59. b6+ Kd7 60. b7 Kc7 61. Nc6 Kxc6 62. b8Q Nd5 63. Qb7+ Kd6 64. Qh7 Nc7+ 65. Kb7 1-0

[Event "Lazy op 10th"]
[Site "Lazy"]
[Date "2014.06.30"]
[Round "2"]
[White "Mucha, Piotr"]
[Black "Spicak, Krzysztof"]
[Result "1-0"]
[WhiteElo "2026"]
[BlackElo "1933"]
[PlyCount "86"]
[EventDate "2014.06.29"]
[EventType "swiss"]
[EventRounds "9"]
[EventCountry "POL"]
[SourceTitle "CBM 161 Extra"]
[Source "ChessBase"]
[SourceDate "2014.08.29"]
[SourceVersion "1"]
[SourceVersionDate "2014.08.29"]
[SourceQuality "1"]

1. e4 e6 2. d4 d5 3. Nc3 Bb4 4. e5 Ne7 5. Qg4 Ng6 6. a3 Bxc3+ 7. bxc3 c5 8. h4 f5 9. Qg3 0-0 10. Bg5 Qc7 11. h5 f4 12. Qg4 Nxe5 13. dxe5 Qxe5+ 14. Ne2 Qe4 15. Qf3 Qxc2 16. Be7 Rf7 17. Bxc5 Nc6 18. Bd6 Bd7 19. Rc1 Qb2 20. Qd3 Qb6 21. Bxf4 e5 22. Be3 Qa5 23. Ng3 Be6 24. Be2 e4 25. Qd2 Qxa3 26. 0-0 Rc8 27. h6 g6 28. Bb5 Qd6 29. Rcd1 Qe5 30. Ne2 Bg4 31. Rde1 Bxe2 32. Rxe2 Qh5 33. Bxc6 Rxc6 34. Ree1 Rd6 35. Rb1 Rd8 36. Qd4 g5 37. Qe5 Qxh6 38. Bd4 Rfd7 39. f3 Qg7 40. Qxg7+ Rxg7 41. Bxg7 Kxg7 42. fxe4 dxe4 43. Rfe1 Re8 1-0

[Event "Lazy op 10th"]
[Site "Lazy"]
[Date "2014.06.29"]
[Round "1"]
[White "Spicak, Krzysztof"]
[Black "Jarmula, Pawel"]
[Result "0-1"]
[WhiteElo "1933"]
[BlackElo "2140"]
[PlyCount "82"]
[EventDate "2014.06.29"]
[EventType "swiss"]
[EventRounds "9"]
[EventCountry "POL"]
[SourceTitle "CBM 161 Extra"]
[Source "ChessBase"]
[SourceDate "2014.08.29"]
[SourceVersion "1"]
[SourceVersionDate "2014.08.29"]
[SourceQuality "1"]

1. d4 Nf6 2. Nf3 e6 3. g3 b6 4. Bg2 Bb7 5. 0-0 c5 6. c4 Be7 7. Nc3 0-0 8. d5 exd5 9. cxd5 d6 10. e4 Re8 11. Nd2 Bf8 12. h3 Nbd7 13. a4 a6 14. Qc2 Qc7 15. Nc4 Rab8 16. f4 Ba8 17. Qd3 Qb7 18. Bf3 b5 19. axb5 axb5 20. Na5 c4 21. Qd4 Qc7 22. Be3 Nc5 23. e5 dxe5 24. fxe5 Rxe5 25. Bf4 Nd3 26. Nc6 Bxc6 27. Bxe5 Nxe5 28. dxc6 Nxf3+ 29. Rxf3 Qxc6 30. Qf4 Re8 31. Raf1 Bc5+ 32. Kg2 b4 33. Nd1 Re2+ 34. Kh1 Bd6 35. Qh4 h6 36. Kg1 Bc5+ 37. Kh1 Ne4 38. Qf4 Ng5 39. Qxc4 Rd2 40. Qb3 Nxf3 41. Rxf3 Qd7 0-1

[Event "Rewal op-A 18th"]
[Site "Rewal"]
[Date "2013.08.29"]
[Round "9"]
[White "Gabryjalowicz, Jakub"]
[Black "Spicak, Krzysztof"]
[Result "1-0"]
[WhiteElo "1781"]
[BlackElo "1962"]
[PlyCount "77"]
[EventDate "2013.08.20"]
[EventType "swiss"]
[EventRounds "9"]
[EventCountry "POL"]
[SourceTitle "CBM 156 Extra"]
[Source "ChessBase"]
[SourceDate "2013.10.22"]
[SourceVersion "1"]
[SourceVersionDate "2013.10.22"]
[SourceQuality "1"]

1. e4 c5 2. Nf3 e6 3. d4 cxd4 4. Nxd4 Nf6 5. Nc3 a6 6. e5 Ng8 7. Be2 d5 8. exd6 Bxd6 9. 0-0 Nf6 10. Be3 0-0 11. Bf3 Qc7 12. h3 e5 13. Ndb5 axb5 14. Nxb5 Qd7 15. Nxd6 Rd8 16. Nxc8 Qxc8 17. Bxb7 Rxd1 18. Bxc8 Rxf1+ 19. Kxf1 Nbd7 20. Bxd7 Nxd7 21. c4 f5 22. f3 f4 23. Bf2 Kf7 24. b4 Ra4 25. a3 Ke6 26. Ke2 g5 27. Kd3 Nf6 28. Kc2 Ra8 29. b5 e4 30. Bd4 e3 31. Bxf6 Kxf6 32. c5 Ke5 33. c6 Kd6 34. a4 Kc5 35. Rc1 Rxa4 36. Kd3+ Kxb5 37. c7 Ra3+ 38. Ke2 Ra2+ 39. Ke1 1-0

[Event "Rewal op-A 18th"]
[Site "Rewal"]
[Date "2013.08.26"]
[Round "6"]
[White "Siedlinski, Piotr"]
[Black "Spicak, Krzysztof"]
[Result "1/2-1/2"]
[WhiteElo "2092"]
[BlackElo "1962"]
[PlyCount "57"]
[EventDate "2013.08.20"]
[EventType "swiss"]
[EventRounds "9"]
[EventCountry "POL"]
[SourceTitle "CBM 156 Extra"]
[Source "ChessBase"]
[SourceDate "2013.10.22"]
[SourceVersion "1"]
[SourceVersionDate "2013.10.22"]
[SourceQuality "1"]

1. e4 e6 2. d4 d5 3. Nd2 Nf6 4. e5 Nfd7 5. Bd3 c5 6. c3 Nc6 7. Ndf3 cxd4 8. cxd4 f6 9. exf6 Qxf6 10. Ne2 Bd6 11. Bg5 Qf7 12. Be3 Nf8 13. a3 e5 14. dxe5 Nxe5 15. Nxe5 Bxe5 16. Bd4 Bd6 17. Qb3 a6 18. Qc3 Ne6 19. Be5 Bc5 20. Nd4 0-0 21. 0-0 Bxd4 22. Bxd4 Nf4 23. Be5 Nxd3 24. Qxd3 Bd7 25. Qd4 Rac8 26. Rac1 Rc4 27. Rxc4 dxc4 28. f4 Bf5 29. Rc1 1/2-1/2

[Event "Warsaw Najdorf Memorial op-A 11th"]
[Site "Warsaw"]
[Date "2013.08.11"]
[Round "7"]
[White "Alvarado, Carlos"]
[Black "Spicak, Krzysztof"]
[Result "1/2-1/2"]
[WhiteElo "2203"]
[BlackElo "1962"]
[PlyCount "115"]
[EventDate "2013.08.05"]
[EventType "swiss"]
[EventRounds "9"]
[EventCountry "POL"]
[SourceTitle "CBM 155 Extra"]
[Source "ChessBase"]
[SourceDate "2013.08.26"]
[SourceVersion "1"]
[SourceVersionDate "2013.08.26"]
[SourceQuality "1"]

1. d4 d5 2. c4 e6 3. Nc3 Be7 4. Bf4 Nf6 5. e3 0-0 6. Nf3 c5 7. dxc5 Bxc5 8. Qc2 Bb4 9. a3 Qa5 10. Rc1 Bxc3+ 11. Qxc3 Qxc3+ 12. Rxc3 b6 13. Ne5 Ne4 14. Rc1 f6 15. Nf3 e5 16. Bg3 Be6 17. cxd5 Bxd5 18. Be2 Nd7 19. 0-0 Nxg3 20. hxg3 Rac8 21. Rfd1 Be6 22. b4 Rfd8 23. Ba6 Rxc1 24. Rxc1 Nb8 25. Bb7 Kf7 26. Ne1 Ke7 27. f3 Rd2 28. Bc8 Bxc8 29. Rxc8 Rd8 30. Rc7+ Rd7 31. Rc3 Kd6 32. Rc8 Nc6 33. f4 e4 34. Nc2 b5 35. Re8 Kd5 36. Rc8 f5 37. Kh2 Rd6 38. Rc7 g6 39. g4 fxg4 40. Rxh7 Kc4 41. Rc7 Kd3 42. a4 Kxc2 43. axb5 Kd3 44. bxc6 Kxe3 45. b5 Rd5 46. Rxa7 Rxb5 47. Kg3 Rb3 48. Kxg4 Rc3 49. c7 Kf2 50. Ra2+ Kf1 51. Kg5 e3 52. g4 e2 53. Ra1+ e1Q 54. Rxe1+ Kxe1 55. Kxg6 Kf2 56. f5 Kg3 57. f6 Rxc7 58. f7 1/2-1/2